<?xml version="1.0" encoding="UTF-8"?>
<marc:record xmlns:marc="http://www.loc.gov/MARC21/slim">
   <marc:leader>00000nam a2200000 a 4500</marc:leader>
   <marc:datafield ind1=" " ind2=" " tag="653">
      <marc:subfield code="a">Fabeln</marc:subfield>
   </marc:datafield>
   <marc:datafield ind1=" " ind2=" " tag="653">
      <marc:subfield code="a">Kamishibai</marc:subfield>
   </marc:datafield>
   <marc:datafield ind1=" " ind2=" " tag="653">
      <marc:subfield code="a">Kinder 3 - 6 Jahre</marc:subfield>
   </marc:datafield>
   <marc:datafield ind1=" " ind2=" " tag="653">
      <marc:subfield code="a">Kindergarten</marc:subfield>
   </marc:datafield>
   <marc:datafield ind1=" " ind2=" " tag="653">
      <marc:subfield code="a">LEADER</marc:subfield>
   </marc:datafield>
   <marc:datafield ind1=" " ind2=" " tag="653">
      <marc:subfield code="a">Mini-Bib</marc:subfield>
   </marc:datafield>
   <marc:datafield ind1=" " ind2=" " tag="653">
      <marc:subfield code="a">Musik</marc:subfield>
   </marc:datafield>
   <marc:datafield ind1=" " ind2=" " tag="653">
      <marc:subfield code="a">Märchen</marc:subfield>
   </marc:datafield>
   <marc:datafield ind1=" " ind2=" " tag="653">
      <marc:subfield code="a">Märchen und Fabeln</marc:subfield>
   </marc:datafield>
   <marc:datafield ind1=" " ind2=" " tag="653">
      <marc:subfield code="a">Praxis</marc:subfield>
   </marc:datafield>
   <marc:datafield ind1=" " ind2=" " tag="653">
      <marc:subfield code="a">Puzzle</marc:subfield>
   </marc:datafield>
   <marc:datafield ind1=" " ind2=" " tag="653">
      <marc:subfield code="a">Spiele</marc:subfield>
   </marc:datafield>
   <marc:datafield ind1=" " ind2=" " tag="653">
      <marc:subfield code="a">Tänze</marc:subfield>
   </marc:datafield>
   <marc:datafield ind1=" " ind2=" " tag="653">
      <marc:subfield code="a">Vorlesen</marc:subfield>
   </marc:datafield>
   <marc:datafield ind1="0" ind2="0" tag="245">
      <marc:subfield code="a">Box Mini-Bib Märchen und Fabeln (geöffnet)</marc:subfield>
   </marc:datafield>
   <marc:datafield ind1="0" ind2="0" tag="245">
      <marc:subfield code="b">Kindergarten (3 bis 6 Jahre)</marc:subfield>
   </marc:datafield>
   <marc:datafield ind1="1" ind2=" " tag="520">
      <marc:subfield code="a">Smietanka, Ela	Die spannendsten Abenteuer-Märchen zum Vorlesen&#xD;
Wagner, Maja	Die schönsten Prinzessinnen-Märchen zum Vorlesen&#xD;
Janisch, Heinz	Der Nussknacker&#xD;
Fiedler-Tresp, Sonja	Meine schönstern Bilder-Märchen&#xD;
Körting, Verena	Mein Buch der schönsten Märchen&#xD;
Simsa, Marko	Die Bremer Stadtmusikanten&#xD;
Leffler, Silke	Die  schönstern Fabeln von Aesop bis heute&#xD;
Heine, Helme	Die schönsten Märchen für die Kleinen&#xD;
Strugholz, Nina	Es war einmal &#x85;  Die schönsten Märchenklassiker&#xD;
Görtler, Carolin	Märchen Wimmelbuch&#xD;
Scheffler, Axel	Der gestiefelte Kater&#xD;
Scheffler, Axel	Hase und Igel&#xD;
Horstschäfer, Felicitas	Rumpelstilzchen&#xD;
Brüder Grimm	Hänsel und Gretel&#xD;
Milbourne, Anna	Rotkäppchen&#xD;
Suess, Anne	Die schönsten Tierfabeln für Kinder&#xD;
Osuji, Wilma	Die 50 besten Märchenspiele&#xD;
Emde, Cornelia	Projektmappe Märchen (Kita aktiv)&#xD;
Fuchimoto, Muneji	Fingerpuppen-Origami&#xD;
Gulden, Elke	Kinder tanzen durchs Märchenland&#xD;
Brüder Grimm	Das tapfere Schneiderlein&#xD;
Andersen, Hans Christian	Die kleine Meerjungfrau&#xD;
	&#xD;
Andersen, Hans Christian	Däumelinchen - Kamishibai Bildkartenset&#xD;
Brüder Grimm	Der süße Brei - Kamishibai Bildkartenset&#xD;
	&#xD;
	DVD: Das Märchen vom Schlaraffenland&#xD;
	&#xD;
	CD: Die schönsten Märchen für die Kleinen&#xD;
Ende, Michael	CD: Die musikalischen Fabeln&#xD;
	CD: Die 30 besten Märchenlieder für Kinder&#xD;
	&#xD;
	Spiel: Rettet den Märchenschatz&#xD;
	Spiel: Die Märchen Box - Erfinde deine eigene Geschichte</marc:subfield>
   </marc:datafield>
</marc:record>
